| 000 | 01319pam a2200373 a 4500 | ||
|---|---|---|---|
| 001 | 3786746 | ||
| 003 | OSt | ||
| 005 | 20251128164158.0 | ||
| 008 | 840611s1984 enk b 001 0 eng | ||
| 010 | _a 84012800 | ||
| 020 |
_a0877843252 (U.S.) : _c$6.95 |
||
| 020 | _a9780877843252 | ||
| 035 | _a3786746 | ||
| 040 |
_aDLC _cDLC _dDLC |
||
| 041 | 1 |
_aeng _afre |
|
| 050 | 0 | 0 |
_aBS651 _b.B57 1984 |
| 082 | 0 | 0 |
_a222/.1106 _219 |
| 100 | 1 | _aBlocher, Henri. | |
| 240 | 1 | 0 |
_aRévélation des origines. _lEnglish |
| 245 | 1 | 0 |
_aIn the beginning : _bthe opening chapters of Genesis / _cHenri Blocher ; translated by David G. Preston. |
| 260 |
_aLeicester, England ; _aDowners Grove, Ill., U.S.A. : _bInter-Varsity Press, _cc1984. |
||
| 300 |
_a240 p. ; _c22 cm. |
||
| 336 |
_atext _btxt _2rdacontent |
||
| 337 |
_aunmediated _bn _2rdamedia |
||
| 338 |
_avolume _bnc _2rdacarrier |
||
| 500 | _aTranslation of: Révélation des origines. | ||
| 500 | _a"Appendix: Scientific hypotheses and the beginning of Genesis": p. 213-231. | ||
| 500 | _aIncludes indexes. | ||
| 504 | _aBibliography: p. 12-14. | ||
| 630 | 0 | 0 |
_aBible. _pGenesis, I-III _xCriticism, interpretation, etc. |
| 906 |
_a7 _bcbc _corignew _d1 _eocip _f19 _gy-gencatlg |
||
| 942 |
_2lcc _cBK |
||
| 999 |
_c20807 _d20806 |
||